The New international manager : an action guide for cross-cultural business
| Main Author: | |
|---|---|
| Format: | Book |
| Published: |
London :
Koyan Page ,
1991
|
| Subjects: |
MARC
| LEADER | 00000cam a2200000 7i4500 | ||
|---|---|---|---|
| 001 | 0000004444 | ||
| 002 | 000004779 | ||
| 005 | 20000330.0 | ||
| 020 | |a 0749402733 | ||
| 090 | 0 | 0 | |a 658 |b GUY |
| 100 | 1 | |a Guy, Vincent | |
| 245 | 1 | 4 | |a The New international manager : |b an action guide for cross-cultural business |c Vincant Guy and John Mattock |
| 260 | |a London : |b Koyan Page , |c 1991 | ||
| 300 | |a 172p. ; |c 23cm. | ||
| 650 | 0 | 0 | |a Export marketing |
| 650 | 0 | 0 | |a Intercultural business |
| 650 | 0 | 0 | |a Management |
| 999 | |a 030627 |b BUKU |c PINJAMAN |e PERPUSTAKAAN KOMUNITI PETALING JAYA | ||